000 00254nam a2200109Ia 4500
008 220204s9999 xx 000 0 und d
082 _a82-3
_bWIS
100 _aWiseman, Thomas
245 0 _aDay before sunrise
260 _aLondon
_bPan
_c1977
942 _cBK
999 _c33892
_d33892